000
00243nam a2200097Ia 4500
082
_a
J 590 BERG
245
0
_a
101 animal secrets
100
_a
BERGER, Melvin New York, 2009
942
_c
BK
008
210817s9999 xx 000 0 und d
999
_c
393697
_d
393696